000 nam a22 7a 4500
999 _c8720
_d8720
008 180119b ||||| |||| 00| 0 eng d
100 _95073
_aSHARMA.V.K
245 _aECONOMICS
260 _aNEW DELHI
_bDHANPATRAI
_c2016